[Event "BCF-ch Seniors 50"]
[Site "Llandudno"]
[Date "2017.07.31"]
[Round "2"]
[White "Mason, Donald"]
[Black "Lowick Higgie, Charles L"]
[Result "1/2-1/2"]
[WhiteElo "2129"]
[BlackElo "1918"]
[PlyCount "31"]
[EventDate "2017.07.30"]
[EventType "swiss"]
[EventRounds "7"]
[EventCountry "WLS"]
[SourceTitle "CBM 179 Extra"]
[Source "ChessBase"]
[SourceDate "2017.08.23"]
[SourceVersion "1"]
[SourceVersionDate "2017.08.23"]
[SourceQuality "1"]

1. e4 c5 2. Nc3 Nc6 3. g3 g6 4. Bg2 Bg7 5. d3 e6 6. Be3 b6 7. Nf3 Nge7 8. d4 cxd4 9. Nxd4 a6 10. Nxc6 Nxc6 11. f4 d6 12. e5 d5 13. Na4 Rb8 14. c4 b5 15. cxd5 Nxe5 16. fxe5 1/2-1/2

[Event "BCF-chT3 1415 (4NCL)"]
[Site "England"]
[Date "2015.03.21"]
[Round "7.198"]
[White "Lowick Higgie, Charles L"]
[Black "Rosen, Daniel B"]
[Result "0-1"]
[WhiteElo "1839"]
[BlackElo "2073"]
[PlyCount "106"]
[EventDate "2015.03.21"]
[EventType "team-swiss"]
[EventRounds "11"]
[EventCountry "ENG"]
[SourceTitle "EXT 2016"]
[Source "ChessBase"]
[SourceDate "2015.10.08"]
[SourceVersion "1"]
[SourceVersionDate "2015.10.08"]
[SourceQuality "1"]
[WhiteTeam "Holmes Chapel"]
[BlackTeam "Poisoned Pawns"]
[WhiteTeamCountry "ENG"]
[BlackTeamCountry "ENG"]

1. d4 f5 2. g3 Nf6 3. Bg2 e6 4. Nh3 d5 5. Bf4 Be7 6. Nd2 0-0 7. Nf3 c5 8. Bxb8 Rxb8 9. e3 Qa5+ 10. Qd2 Qb5 11. c3 Ne4 12. Qe2 Bd7 13. Qxb5 Bxb5 14. Nf4 Rf6 15. h4 Bd6 16. Ne5 Be8 17. f3 Nxg3 18. Rh3 cxd4 19. cxd4 Nh5 20. Nxh5 Bxh5 21. Nd7 Rg6 22. Nxb8 Rxg2 23. 0-0-0 Bxb8 24. Rd3 Rg6 25. Rb3 b6 26. Rc3 Rf6 27. Rc8+ Rf8 28. Rc6 Kf7 29. f4 Ke7 30. Rh2 Kd7 31. Rhc2 Bd6 32. b4 Bf3 33. a4 Be4 34. R2c3 Rb8 35. b5 Bg2 36. Kb2 Bf1 37. Rc1 Bc4 38. Rg1 Bf8 39. h5 a6 40. h6 g6 41. Rc1 axb5 42. axb5 Bd6 43. Ra1 Bxb5 44. Rc3 Bc4 45. Ra7+ Bc7 46. Rca3 Kc8 47. Kc3 Rb7 48. Ra8+ Bb8 49. Ra1 Be2 50. R1a2 Rc7+ 51. Kb4 Bc4 52. Ra1 Kb7 53. R1a3 Rc8 0-1

[Event "BCF-chT3N 1415 (4NCL)"]
[Site "England"]
[Date "2015.01.11"]
[Round "4.68"]
[White "Lowick Higgie, Charles L"]
[Black "McCarthy, Damian"]
[Result "1-0"]
[WhiteElo "1846"]
[BlackElo "1829"]
[PlyCount "119"]
[EventDate "2014.11.15"]
[EventType "team-swiss"]
[EventRounds "6"]
[EventCountry "ENG"]
[SourceTitle "EXT 2016"]
[Source "ChessBase"]
[SourceDate "2015.10.08"]
[SourceVersion "1"]
[SourceVersionDate "2015.10.08"]
[SourceQuality "1"]
[WhiteTeam "Holmes Chapel"]
[BlackTeam "Bradford DCA Knights II"]
[WhiteTeamCountry "ENG"]
[BlackTeamCountry "ENG"]

1. d4 Nf6 2. c4 e6 3. Nc3 Bb4 4. e3 0-0 5. Bd3 d5 6. Nf3 c5 7. a3 Bxc3+ 8. bxc3 dxc4 9. Bxc4 Nbd7 10. 0-0 Qc7 11. Qe2 cxd4 12. cxd4 b6 13. Bb2 Bb7 14. Rac1 Qd6 15. Ne5 Rac8 16. f3 Qb8 17. Nxd7 Nxd7 18. e4 Rfd8 19. Bb5 Nf8 20. g3 Qd6 21. Rce1 Qe7 22. f4 Qc7 23. Bd3 Nd7 24. Qh5 f6 25. Rc1 Qb8 26. Bc4 Bxe4 27. Bxe6+ Kh8 28. f5 Rc2 29. Rxc2 Bxc2 30. Rc1 Ba4 31. Qf7 Qb7 32. Qe7 Qb8 33. Qb4 b5 34. Qe7 b4 35. Qxb4 Nf8 36. Qxb8 Rxb8 37. Rc8 Rxc8 38. Bxc8 g6 39. d5 Kg7 40. g4 Nd7 41. Bd4 Nb6 42. Be6 gxf5 43. gxf5 Nc4 44. Bxa7 Nxa3 45. d6 Nc2 46. d7 Bxd7 47. Bxd7 Nb4 48. Kf2 Nd3+ 49. Ke3 Ne5 50. Bb5 h6 51. Ke4 Nf7 52. Kd5 Ng5 53. Kd6 Nf3 54. h3 Ng5 55. h4 Nf3 56. h5 Nd2 57. Bd3 Nf3 58. Ke6 Ne5 59. Be2 Nc6 60. Bb6 1-0